000 00541nmm a2200193Ia 4500
008 251105s9999||||xx |||||||||||||||||und||
020 _a9788417761899
041 _aspa
100 _aMazzanti, Marcelo E.
245 0 _aTally, la niña tigre
264 _a[Madrid, España] :
_bDuomo ediciones,
_c2020
300 _a368 páginas
490 _aInfantil Juvenil
650 _aAges 9-12 Years Old
700 _aMazzanti, Marcelo E.
700 1 _a Scott, Libby
856 _uhttps://public.digitaliapublishing.com/a/68083
942 _cCF
999 _c68689
_d68689